00433nam a2200157Ia 4500008004100000020001800041082001700059100002000076245003600096250000800132260004100140300002600181500001900207600003300226650001600259240925s9999 xx 000 0 und d a9788131517529 a510.2462 ONE aOneil, Peter V. 0aAdvance Engineering Mathematics a7th aNew Delhi:bCengage Learningc,2012. axxviiip.b0fOriginal aIncludes Index aHumanities & Natural Science aMathematics